000 00735nam a2200205Ia 4500
003 GCL
008 140319s9999 xx 000 0 ara d
040 _aGCL /
_cGCL
082 0 4 _a922.58
_bا ت
100 1 _aالدمشقى: ابوالقاسم على بن ابى المكارم بن فتيان
245 1 0 _aتبيين كذب المفترى فيما نسب الى الامام ابو حسن الاشعرى /
_cالدمشقى: ابوالقاسم على بن ابى المكارم بن فتيان
260 _a[S.N] :
_bالقدسى ،
_c1347
300 _a458
490 _a
650 0 4 _aالاسلام
650 0 4 _aالدين الاسلامى
650 0 4 _aالفقهاء
650 0 4 _aالاشعرية
942 _2ddc
_cBK
999 _c27544
_d27544